| 000 | 00675nam a2200229 a 4500 | ||
|---|---|---|---|
| 005 | 20240925063803.0 | ||
| 008 | 031030s2000 mx r 000 0 spa d | ||
| 020 | _a8473397061 | ||
| 035 | _aUPN01000130497 | ||
| 049 | _aC | ||
| 050 | 4 |
_aQA5 _bD5.2 2000 |
|
| 100 | 1 | _aBourvier, Alan | |
| 245 | 1 | 0 |
_aDiccionario de matemáticas / _cAlan Bouvier y Michel George ; tr. Mauro Armiño. |
| 250 | _a2a ed. | ||
| 260 |
_aMadrid : _bAkal, _c2000. |
||
| 300 |
_a896 p. : _bil. |
||
| 440 | 0 |
_aAkal diccionarios ; _v1 |
|
| 650 | 4 |
_aMATEMATICAS - _vDICCIONARIOS _924865 |
|
| 650 | 4 |
_aMatemáticas _xEstudio y enseñanza _93601 |
|
| 700 | 1 |
_aGeorge, Michel, _ecoaut. |
|
| 905 | _aLibro | ||
| 999 |
_c102654 _d102654 |
||